LEADER 01371naa a2200265 u 4500 001 000000095737 003 CaOOAMICUS 005 20070226130143.0 008 040712s1980 gw u000 u ger u 020 $a3110080281 (v.2) 035 $a11003998 040 $aIAR$bita 100 1 $aArduini, Maria Lodovica.$0(OLS)http://pul/name/501 245 10$aBiblische Kategorien und mittelalterliche Gesellschaft :$b"potens" und "pauper" bei Rupert von Deutz und Hildegard von Bingen (11. bzw. 12, Jh.) /$cMaria Lodovica Arduini. 260 $aBerlin :$bW. de Gruyter,$c1980. 300 $av.2, S. 467-497, ;$c25 cm 600 04$aRupertus Tuitiensis,$cO.S.B.,$d1070/80-1129/30.$0(OLS)http://pul/subject/30427 600 04$aHildegardis,$cs.,$d1098-1179.$0(OLS)http://pul/subject/26498 773 0 $aSoziale Ordnungen im Selbstverständnis des Mittelalters.$gv. 2. 773 0 $tSoziale Ordnungen im Selbstverständis des Mittelalters$w()27890 960 $aHildegard von Bingen,$cs.,$d1098-1179$926498 960 $aIldegarda,$cs.,$d1098-1179$926498 996 $6020$a3110080281 (v.2)$9(OLS)http://pul/number/34593 996 $6245$aBiblische Kategorien und mittelalterliche Gesellschaft :$b"potens" und "pauper" bei Rupert von Deutz und Hildegard von Bingen (11. bzw. 12, Jh.)$9(OLS)http://pul/title/122613 996 $6260$aBerlin :$bW. de Gruyter$9(OLS)http://pul/publisher/48032 LEADER 01005nam a2200253 u 4500 001 000000064156 003 CaOOAMICUS 005 20070226121327.0 008 011114s1932 nyuacf u000 u eng u 035 $a10909861 040 $aPUL(R)$bita 100 1 $aBrowne, Lewis,$d1897-$0(OLS)http://pul/name/43404 245 10$aBlessed Spinoza :$ba biography of the philosopher /$cby Lewis Browne. 260 $aNew York :$bThe Macmillan Company,$c1932. 300 $a334 p. :$britr., ill. ;$c23 cm 500 $aContiene indice. 504 $aContiene indicazioni bibliografiche. 600 14$aSpinoza, Benedictus de,$d1632-1677.$0(OLS)http://pul/subject/4837 850 $aPUL 852 $aPUL$W1$xDP2 Filosofia 1$y62$m83 D 37$j83217$nBK-PRI$b $qStampati$B83217$CPULBib$Z2$F83217 $81 941 1 $a8 961 $aINV: 17900 996 $6245$aBlessed Spinoza :$ba biography of the philosopher$9(OLS)http://pul/title/85495 996 $6260$aNew York :$bThe Macmillan Company$9(OLS)http://pul/publisher/70802